Coalition politics and the iraq war : (Record no. 14511)

000 -LEADER
fixed length control field 01723nam a2200301 a 4500
001 - CONTROL NUMBER
control field ASIN1935049151
005 - DATE AND TIME OF LATEST TRANSACTION
control field 20170105102856.0
008 - FIXED-LENGTH DATA ELEMENTS--GENERAL INFORMATION
fixed length control field 130905s2009 xxu eng d
020 ## - INTERNATIONAL STANDARD BOOK NUMBER
International Standard Book Number 1935049151 (hardcover)
Terms of availability $65.00
020 ## - INTERNATIONAL STANDARD BOOK NUMBER
International Standard Book Number 9781935049159 (hardcover)
040 ## - CATALOGING SOURCE
Original cataloging agency 0
050 04 - LIBRARY OF CONGRESS CALL NUMBER
Classification number DS79.764.K6
082 04 - DEWEY DECIMAL CLASSIFICATION NUMBER
Classification number 956.704432
100 1# - MAIN ENTRY--PERSONAL NAME
Personal name Baltrusaitis, Daniel F.
245 10 - TITLE STATEMENT
Title Coalition politics and the iraq war :
Remainder of title determinants of choice /
Statement of responsibility, etc. Daniel F. Baltrusaitis.
260 ## - PUBLICATION, DISTRIBUTION, ETC.
Place of publication, distribution, etc. [S.l.] :
Name of publisher, distributor, etc. Lynne Rienner Publishers,
Date of publication, distribution, etc. 2009.
300 ## - PHYSICAL DESCRIPTION
Extent 259 p. ;
Dimensions 24 cm.
520 ## - SUMMARY, ETC.
Summary, etc. John Cameron draws on power-based approaches to the study of democratization as he thoughtfully explores efforts by indigenous and peasant groups to gain control of local governments and deepen democracy in Bolivia, Ecuador, and Peru. Cameron addresses three fundamental questions: What factors best explain the success or failure of local political movements in the Andes? What forms of democracy are emerging in indigenous- and peasant-controlled municipalities? What are the impacts of municipal democratization on the well-being and political identities of the citizenry? As he elucidates his results, he reminds readers that, in the midst of some of the most exclusionary and elite-dominated systems of local government in Latin America, political struggles for democracy are having a profound impact.
650 #0 - SUBJECT ADDED ENTRY--TOPICAL TERM
Topical term or geographic name entry element Coalitions
650 #0 - SUBJECT ADDED ENTRY--TOPICAL TERM
Topical term or geographic name entry element Germany
650 #0 - SUBJECT ADDED ENTRY--TOPICAL TERM
Topical term or geographic name entry element Iraq War (2003-2011)
650 #0 - SUBJECT ADDED ENTRY--TOPICAL TERM
Topical term or geographic name entry element Korea (South)
650 #0 - SUBJECT ADDED ENTRY--TOPICAL TERM
Topical term or geographic name entry element Military participation--Foreign
650 #0 - SUBJECT ADDED ENTRY--TOPICAL TERM
Topical term or geographic name entry element Political science
650 #0 - SUBJECT ADDED ENTRY--TOPICAL TERM
Topical term or geographic name entry element Turkey
856 40 - ELECTRONIC LOCATION AND ACCESS
Materials specified Amazon.com
Uniform Resource Identifier <a href="http://www.amazon.com/exec/obidos/ASIN/1935049151/chopaconline-20">http://www.amazon.com/exec/obidos/ASIN/1935049151/chopaconline-20</a>
942 ## - ADDED ENTRY ELEMENTS (KOHA)
Source of classification or shelving scheme
Koha item type Book
Holdings
Withdrawn status Lost status Damaged status Not for loan Collection code Permanent Location Current Location Shelving location Date acquired Total Checkouts Full call number Barcode Date last seen Price effective from Koha item type
          Centre for International Peace & Stability (CIPS) Centre for International Peace & Stability (CIPS) General Stacks 08/05/2013   956.704432 BAL 2011 CIPS0000452 09/05/2013 09/05/2013 Book
© 2023 Central Library, National University of Sciences and Technology. All Rights Reserved.